| 000 | 00538nam a22001457a 4500 | ||
|---|---|---|---|
| 003 | MACL | ||
| 005 | 20200827125134.0 | ||
| 008 | 200827b xxu||||| |||| 00| 0 eng d | ||
| 040 | _cMACL | ||
| 100 |
_aअनंतकृष्णन,इंदिरा _979370 |
||
| 245 | _aनिवेदिता का नया घर और अन्य कहानियां | ||
| 260 |
_aनई दिल्ली _bप्रकाशन विभाग _c2018 |
||
| 650 |
_aचिल्ड्रन बुक _9159 |
||
| 942 |
_2ddc _cHIN |
||
| 999 |
_c62957 _d62957 |
||